Giai thoại văn học Thanh

Uloženo v:
Podrobná bibliografie
Hlavní autor: Giai thoại văn học Thanh
Médium: Kniha
Jazyk:Undetermined
Vydáno: Thanh Hóa Nxb. Thanh Hóa 1997
Témata:
Tagy: Přidat tag
Žádné tagy, Buďte první, kdo otaguje tento záznam!
Thư viện lưu trữ: Trung tâm Học liệu Trường Đại học Cần Thơ
LEADER 00528nam a2200169Ia 4500
001 CTU_22010
008 210402s9999 xx 000 0 und d
082 |a 809 
082 |b Gi103 
100 |a Giai thoại văn học Thanh 
245 0 |a Giai thoại văn học Thanh 
245 0 |c Giai thoại văn học Thanh, Lê Văn Đình 
260 |a Thanh Hóa 
260 |b Nxb. Thanh Hóa 
260 |c 1997 
650 |a chinese literature - histiry and criticism 
980 |a Trung tâm Học liệu Trường Đại học Cần Thơ